|
|
|
|
| LEADER |
00860nam a2200265 a 4500 |
| 001 |
2744 |
| 003 |
BD-DhAAL |
| 005 |
20150316120545.0 |
| 008 |
870826s1988 mnua b 001 0 eng |
| 010 |
|
|
|a 87025255
|
| 020 |
|
|
|a 0314624880
|
| 040 |
|
|
|a DLC
|c DLC
|d DLC
|d BD-DhAAL
|
| 050 |
0 |
0 |
|a HD58.7
|b .U47 1988
|
| 082 |
0 |
0 |
|a 658.3
|2 19
|
| 100 |
1 |
|
|a Umstot, Denis D.
|9 9755
|
| 245 |
1 |
0 |
|a Understanding organizational behavior /
|c Denis D. Umstot.
|
| 250 |
|
|
|a 2nd ed.
|
| 260 |
|
|
|a St. Paul :
|b West Pub. Co.,
|c c1988.
|
| 300 |
|
|
|a xviii, 532 p. :
|b ill. ;
|c 27 cm.
|
| 504 |
|
|
|a Includes bibliographies and indexes.
|
| 541 |
|
|
|e 2744
|
| 650 |
|
0 |
|a Organizational behavior.
|9 9756
|
| 942 |
|
|
|2 ddc
|c BK
|
| 999 |
|
|
|c 34071
|d 34071
|
| 952 |
|
|
|0 0
|1 0
|2 ddc
|4 0
|6 658_300000000000000_UMS
|7 0
|9 53161
|a SCL
|b SCL
|c GEN
|d 2015-03-16
|l 0
|o 658.3 UMS
|p 3020002744
|r 2015-03-16
|t 1
|w 2015-03-16
|y BK
|